00687nam a2200145 a 4500008004100000050002100041110002600062245008000088260003900168300001300207650003900220995013200259995013300391999001700524220712s1989 ||||||||||||||||| || u aCBU(05)NL/1989/3 aCopperbelt University10aCBU Newsletter : Issue No.3 October 1989cBy The Copperbelt University(CBU) aKitwebCopperbelt Universityc1989 a13 PAGES aCOPPERBELT UNIVERSITY--PERIODICALS aSPECIAL COLLECTIONSe4938FCBU-MAIN LIBRARY (Kitwe)jCBU(05)NL/1989/3M2UAVAILABLEWJul 13, 2022yB4938ZUniversity Collection aSPECIAL COLLECTIONSe4930FCBU-MAIN LIBRARY (Kitwe)jCBU(05)NL/1989/3AM1UAVAILABLEWJul 12, 2022yB4930ZUniversity Collection c79224d79224